Logo CIB grande

Aquaculture management (Registro nro. 237662)

Detalles MARC
000 -LEADER
campo de control de longitud fija 00611nam a2200217Ia 4500
005 - FECHA Y HORA DE LA ÚLTIMA TRANSACCIÓN
campo de control 20250425162839.0
008 - DATOS DE LONGITUD FIJA--INFORMACIÓN GENERAL
campo de control de longitud fija 250425s9999 xx 000 0 und d
020 ## - NÚMERO INTERNACIONAL ESTÁNDAR DEL LIBRO
Número Internacional Estándar del Libro 9781461564720
041 ## - CÓDIGO DE IDIOMA
Código de lengua del texto/banda sonora o título independiente eng
082 ## - NÚMERO DE LA CLASIFICACIÓN DECIMAL DEWEY
Número de clasificación 639.0916
Iniciales del Autor MEA
010 ## - NÚMERO DE CONTROL DE LA BIBLIOTECA DEL CONGRESO
Número de control de LC 113566
100 ## - ENTRADA PRINCIPAL--NOMBRE DE PERSONA
Nombre de persona Meade, James W.
245 #0 - MENCIÓN DEL TÍTULO
Título Aquaculture management
Mención de responsabilidad, etc. James W. Meade
260 ## - PUBLICACIÓN, DISTRIBUCIÓN, ETC.
Lugar de publicación, distribución, etc. New York
Nombre del editor, distribuidor, etc. Van Nostrand Reinhold
Fecha de publicación, distribución, etc. 1989
300 ## - DESCRIPCIÓN FÍSICA
Extensión 175 páginas
Otras características físicas ilustraciones
Dimensiones 23 cm.
504 ## - NOTA DE BIBLIOGRAFÍA, ETC.
Nota de bibliografía, etc. Nota Includes bibliographical references and index
650 ## - PUNTO DE ACCESO ADICIONAL DE MATERIA--TÉRMINO DE MATERIA
Término de materia o nombre geográfico como elemento de entrada Aquaculture
650 ## - PUNTO DE ACCESO ADICIONAL DE MATERIA--TÉRMINO DE MATERIA
Término de materia o nombre geográfico como elemento de entrada Acuacultura
902 ## - ELEMENTOS DE DATOS B LOCAL, LDB (RLIN)
a Monográfico
c Impreso
942 ## - ELEMENTOS DE ENTRADA SECUNDARIOS (KOHA)
Tipo de ítem Koha Libros
Existencias
Estatus retirado Estado de pérdida Fuente de la clasificación o esquema de estantería Estado de daño No para préstamo Biblioteca de origen Biblioteca actual Fecha de adquisición Coste, precio normal de compra Etiqueta RFID Total de préstamos Código de barras Copia número Tipo de ítem Koha Nota pública
    Clasificación Decimal Dewey     CENTRO DE INFORMACIÓN BIBLIOTECARIA CENTRO DE INFORMACIÓN BIBLIOTECARIA 16/09/2023 150.00 0000000000000000036085   80895 1 Libros Compra / Pablo Núñez

Copyright 2025 ESPOL. Todos los derechos reservados.